000 00532nam a2200181Ia 4500
999 _c21214
_d21214
003 OSt
005 20200623123759.0
008 190216s9999||||xx |||||||||||||| ||und||
020 _a9788190626040
040 _coclc
082 _a954.9105092
_bHUS/A
100 _aHussain, Yasir
_93132
245 4 _aThe Assassination Of Benazir Bhutto /
_cYasir Hussain
260 _bEpitome Books,
_aNew Delhi:
_c2008.
300 _a228p
650 _aHistory
942 _cBK
_2ddc
_h954.9105092
_iHUS/A
_k954.9105092
_mHUS/A